000
00454nam a2200169Ia 4500
008
090711s9999 xx 000 0 und d
082
_b
61527
100
_a
कापसे राम
245
_a
लेटिन आयोग
260
_c
1988
300
_a
76
600
_a
कापसे राम
630
_a
लेटिन आयोग
700
_a
कापसे राम
730
_a
लेटिन आयोग
942
_c
BOOK
999
_c
294357
_d
294357